Social planning : collected papers, 1957-68 /

Saved in:
Bibliographic Details
Main Author: Reimer, Everett W.
Format: Book
Language:English
Published: Cuernavaca : Centro Intercultural de Documentacion , 1968.
Series:CIDOC cuaderno ; no.22.
Subjects:
LEADER 00969nam a2200241 i 4500
001 c000252440
003 CARM
005 00000000000000.0
008 840418s1968 mx 0 eng d
019 1 |a 386170  |5 LACONCORD2021 
035 |a (OCoLC)132028  |5 LACONCORD2021 
082 0 4 |a 309.23097295 
100 1 |a Reimer, Everett W. 
245 1 0 |a Social planning :  |b collected papers, 1957-68 /  |c Everett W. Reimer. 
260 |a Cuernavaca :  |b Centro Intercultural de Documentacion ,  |c 1968. 
300 |a 1 v. (various pagings) :  |b ill. 
490 1 |a Centro Intercultural de Documentacion. CIDOC cuaderno ;  |v no.22 
651 0 |a Puerto Rico  |x Social policy. 
651 0 |a Latin America  |x Social policy. 
830 0 |a CIDOC cuaderno ;  |v no.22. 
852 8 |b CARM  |h A2:AQ13G0  |i C08661  |p 0320703  |f BK 
999 f f |i fd2482cb-73ef-551b-9236-fceaf2196f4d  |s 676ada05-90f2-5db1-81bc-0c4803b82abc 
952 f f |p Can circulate  |a CAVAL  |b CAVAL  |c CAVAL  |d CARM 1 Store  |e C08661  |f A2:AQ13G0  |h Other scheme  |i book  |m 0320703